[Event "Morava-ch"]
[Site "Orlova"]
[Date "2023.10.28"]
[Round "8"]
[White "Grausgruber, Jiri"]
[Black "Pavelek, Michael"]
[Result "1-0"]
[WhiteElo "1497"]
[BlackElo "1331"]
[PlyCount "63"]
[EventDate "2023.10.24"]
[EventType "swiss"]
[EventRounds "9"]
[EventCountry "CZE"]
[SourceTitle "Mega2024 Update 01"]
[Source "Chessbase"]
[SourceDate "2023.11.12"]
[SourceVersion "1"]
[SourceVersionDate "2023.11.12"]
[SourceQuality "1"]

1. d4 Nf6 2. c4 g6 3. Nc3 Bg7 4. e4 d6 5. Nf3 0-0 6. Be2 e5 7. d5 a5 8. Bg5 h6 9. Bh4 Na6 10. Nd2 g5 11. Bg3 Nc5 12. 0-0 Bd7 13. b3 Qc8 14. a3 Ne8 15. b4 axb4 16. axb4 Rxa1 17. Qxa1 Na6 18. Qb2 f5 19. exf5 Bxf5 20. Nde4 Nf6 21. Bd3 h5 22. f3 g4 23. Qb1 Bh6 24. Bh4 Be3+ 25. Kh1 Nxe4 26. Nxe4 Bxe4 27. Bxe4 gxf3 28. Rxf3 Rxf3 29. Bxf3 Qe8 30. Qf5 Qf7 31. Bf6 Nxb4 32. Bxh5 1-0

[Event "Morava-ch"]
[Site "Orlova"]
[Date "2023.10.27"]
[Round "7"]
[White "Pavelek, Michael"]
[Black "Mikulasek, Ondrej"]
[Result "0-1"]
[WhiteElo "1331"]
[BlackElo "1649"]
[PlyCount "88"]
[EventDate "2023.10.24"]
[EventType "swiss"]
[EventRounds "9"]
[EventCountry "CZE"]
[SourceTitle "Mega2024 Update 01"]
[Source "Chessbase"]
[SourceDate "2023.11.12"]
[SourceVersion "1"]
[SourceVersionDate "2023.11.12"]
[SourceQuality "1"]

1. d4 d5 2. c4 c6 3. Nc3 e6 4. Nf3 Nf6 5. Bg5 Nbd7 6. e3 Qa5 7. a3 Ne4 8. Qc2 Nxg5 9. Nxg5 h6 10. Nf3 Bd6 11. c5 Be7 12. Bd3 Bf6 13. 0-0 e5 14. b4 Qc7 15. dxe5 Nxe5 16. Nd4 Nxd3 17. Qxd3 0-0 18. Rfe1 Bg4 19. h3 Bh5 20. Nce2 Bg6 21. Qd2 Rae8 22. Nf4 Re7 23. Re2 Be4 24. f3 Bh7 25. Rae1 Bh4 26. Rf1 Rfe8 27. Kh1 g6 28. Nd3 Bf6 29. Nf2 Qg3 30. Ng4 Bg7 31. f4 Qh4 32. Rf3 g5 33. f5 h5 34. Nf2 g4 35. Rf4 Be5 36. f6 Bxf4 37. fxe7 Bg3 38. Nd3 Be4 39. Nf2 gxh3 40. Nxe4 hxg2+ 41. Kxg2 dxe4 42. Nf3 exf3+ 43. Kxf3 Qg4+ 44. Kg2 Be1+ 0-1

[Event "Morava-ch"]
[Site "Orlova"]
[Date "2023.10.25"]
[Round "2"]
[White "Borkovec, Ondrej"]
[Black "Pavelek, Michael"]
[Result "0-1"]
[WhiteElo "1486"]
[BlackElo "1331"]
[PlyCount "52"]
[EventDate "2023.10.24"]
[EventType "swiss"]
[EventRounds "9"]
[EventCountry "CZE"]
[SourceTitle "Mega2024 Update 01"]
[Source "Chessbase"]
[SourceDate "2023.11.12"]
[SourceVersion "1"]
[SourceVersionDate "2023.11.12"]
[SourceQuality "1"]

1. d4 Nf6 2. c4 g6 3. Nc3 Bg7 4. Bg5 0-0 5. Nf3 d6 6. e3 h6 7. Bh4 Nc6 8. Be2 e5 9. dxe5 dxe5 10. Qxd8 Rxd8 11. Bxf6 Bxf6 12. Nd5 Be7 13. Nxe7+ Nxe7 14. Nxe5 Bf5 15. 0-0 Rd2 16. Bf3 Rxb2 17. g4 Bc2 18. Rfc1 c6 19. c5 Ba4 20. Nc4 Rc2 21. Bd1 Rxc1 22. Rxc1 Bxd1 23. Rxd1 Nd5 24. Rb1 b6 25. cxb6 axb6 26. Nxb6 Rb8 0-1

[Event "Morava-ch"]
[Site "Orlova"]
[Date "2023.10.24"]
[Round "1"]
[White "Pavelek, Michael"]
[Black "Zrubek, Adam"]
[Result "0-1"]
[WhiteElo "1331"]
[BlackElo "1758"]
[PlyCount "46"]
[EventDate "2023.10.24"]
[EventType "swiss"]
[EventRounds "9"]
[EventCountry "CZE"]
[SourceTitle "Mega2024 Update 01"]
[Source "Chessbase"]
[SourceDate "2023.11.12"]
[SourceVersion "1"]
[SourceVersionDate "2023.11.12"]
[SourceQuality "1"]

1. d4 d5 2. c4 Nc6 3. Nc3 Nf6 4. cxd5 Nxd5 5. e4 Nxc3 6. bxc3 e5 7. Nf3 exd4 8. cxd4 Bg4 9. Bb5 Bb4+ 10. Bd2 Bxf3 11. gxf3 Qxd4 12. Rc1 0-0-0 13. Rc2 Ne5 14. Be2 Rd7 15. f4 Qxe4 16. fxe5 Qxh1+ 17. Bf1 Qe4+ 18. Be2 Rhd8 19. f3 Qh4+ 20. Kf1 Rxd2 21. Rxd2 Rxd2 22. Qb3 Bc5 23. Qxf7 Qf2# 0-1